| 000 | 00812aab a2200205 4500 | ||
|---|---|---|---|
| 001 | 768714001 | ||
| 003 | CO-MdFUSB | ||
| 005 | 20240614102109.0 | ||
| 008 | 170524s2000 cr ||||| |||| 00| 0 spa d | ||
| 022 | _a1409-1968 | ||
| 040 |
_aCO-MdFUSB _bspa _cCO-MdFUSB _dCO-MdFUSB |
||
| 041 | _aspa | ||
| 245 | 1 | 0 |
_a"La señora se siente traicionada" : _bel testimonio de una mujer separada |
| 300 |
_aVolumen 17. Número 4 (2000), páginas 8-13 _c: 27 cm. |
||
| 520 | _aEste es el relato vívivo de una mujer que pasó por la terrible experiencia de la separación; el penoso proceso de ver derrumbarse el matrimonio. El esta historia es verídica. | ||
| 653 | _aTestimonio | ||
| 773 | 0 |
_tApuntes Pastorales _049442 _960145 _gVolumen 17. Número 4 (2000), páginas 8-13 _qPágina 8 |
|
| 942 | _cANA | ||
| 945 | _aJTF-925 | ||
| 999 |
_c60065 _d60065 |
||